000 00852nam0a22002771 4500
001 rc\3816419
005 20250530062025.0
021 _aRU
_b[75-15938]
035 _a(NLR Aleph) 007267757
090 _a5376305
_c5376305
100 _a20120410d1975 |||y0rusy50 ca
101 0 _arus
102 _aRU
_aRU
105 _ac b |||a|
200 1 _aСтихотворения и поэма ["Пролив Екатерины"]
210 _aМосква
_cМоск. рабочий
_d1975
215 _a304 с.
_cпортр.
_d17
225 1 _a[Подвиг]
300 _aНа пер. загл.: Избранное
517 0 _aИзбранное
700 1 _aНаровчатов
_bС.С.
_f1919-1981
_gСергей Сергеевич
801 0 _aRU
_bNLR
_gpsbo
801 1 _aRU
_bELAR
_2rusmarc
852 _aNLR
_j75-2/200
942 _cBOOK
980 _aNB